header

Diseases of importance in the United States (Record no. 27304)

MARC details
000 -LEADER
fixed length control field 01748nam a2200373 a 4500
082 04 - DEWEY DECIMAL CLASSIFICATION NUMBER
Classification number 614.4/7/0973
245 00 - TITLE STATEMENT
Title Diseases of importance in the United States
260 ## - PUBLICATION, DISTRIBUTION, ETC. (IMPRINT)
Place of publication Washington, D.C. :
Name of publisher National Academy Press,
Year of publication 1985.
300 ## - PHYSICAL DESCRIPTION
Number of Pages xii, 458 p. :
Other physical details ill.
490 0# - SERIES STATEMENT
Series statement New vaccine development : establishing priorities ;
500 ## - GENERAL NOTE
General note Prepared for the National Institute of Allergy and Infectious Diseases.
650 #0 - SUBJECT ADDED ENTRY--TOPICAL TERM
Topical Term Vaccines
Topical Term Vaccination
Topical Term Vaccination
856 40 - ELECTRONIC LOCATION AND ACCESS
Uniform Resource Identifier http://site.ebrary.com/lib/rucke/Doc?id=10225189

No items available.

© 2026 Rongo University
Contact us: librarian | system librarian | Rongo university